Statistiken für AS Monaco Kader 23/24

Klicken Sie hier um das Quiz zu spielen!

Allgemein

  • Dieses Quiz wurde 23 mal gespielt
  • Das Durchschnittsergebnis liegt bei 15 aus 24

Antwortstatistiken

Nr.Spieler% Korrekt
10Ben Yedder
100%
17Golovin
88%
36Embolo
75%
19Fofana
75%
16Köhn
75%
18Minamino
75%
4Camara
63%
37Diop
63%
12Henrique
63%
14Jakobs
63%
3Maripan
63%
2Vanderson
63%
6Zakaria
63%
21Akliouche
50%
29Balogun
50%
7Ben Seghir
50%
27Diatta
50%
5Kehrer
50%
50Lienard
50%
88Magassa
50%
1Majecki
50%
20Ouattara
50%
22Salisu
50%
99Singo
50%

Verteilung der Resultate

Perzentil nach korrekt beantworteten Fragen

Anzahl Personen mit jedem Resultat

Ihre Resultats-Entwicklung

Sie haben dieses Quiz noch nicht gespielt